[Event "WCO 2016"]
[Site "?"]
[Date "2016.09.11"]
[Round "9"]
[Board "6"]
[WhiteID "16900049"]
[White "Espirito Santo Waldyr"]
[BlackID "10002251"]
[Black "Mlawa Hemed"]
[Result "0-1"]
[BlackElo "1782"]
[WhiteElo "1915"]
[LiveChessVersion "1.4.8"]

1. e4 {[%clk 1:30:53]} c5 {[%clk 1:30:41]} 2. Nf3 {[%clk 1:31:17]} e6
{[%clk 1:31:01]} 3. d4 {[%clk 1:31:06]} cxd4 {[%clk 1:31:23]} 4. Nxd4
{[%clk 1:31:31]} a6 {[%clk 1:31:47]} 5. Bd3 {[%clk 1:30:40]} Qc7 {[%clk 1:31:55]}
6. Be3 {[%clk 1:29:36]} Nc6 {[%clk 1:32:14]} 7. O-O {[%clk 1:28:47]} Nf6
{[%clk 1:32:32]} 8. c3 {[%clk 1:27:39]} Be7 {[%clk 1:32:49]} 9. Nd2
{[%clk 1:27:32]} O-O {[%clk 1:31:31]} 10. Rc1 {[%clk 1:27:34]} d6
{[%clk 1:21:19]} 11. f4 {[%clk 1:25:09]} Nd7 {[%clk 1:19:55]} 12. Qe2
{[%clk 1:22:43]} b5 {[%clk 1:18:47]} 13. f5 {[%clk 1:20:00]} e5 {[%clk 1:19:07]}
14. N4f3 {[%clk 1:18:21]} Bb7 {[%clk 1:19:13]} 15. g4 {[%clk 1:16:33]} Nf6
{[%clk 1:15:49]} 16. Ng5 {[%clk 1:14:05]} Na5 {[%clk 1:11:02]} 17. b3
{[%clk 1:12:39]} d5 {[%clk 1:10:53]} 18. Qg2 {[%clk 1:04:10]} Bc5
{[%clk 1:05:40]} 19. Bf2 {[%clk 0:51:20]} Rad8 {[%clk 1:05:18]} 20. Bb1
{[%clk 0:45:46]} h6 {[%clk 0:49:24]} 21. Ngf3 {[%clk 0:42:39]} dxe4
{[%clk 0:49:15]} 22. Nd4 {[%clk 0:35:41]} Ba3 {[%clk 0:46:34]} 23. g5
{[%clk 0:33:35]} hxg5 {[%clk 0:45:55]} 24. Nxe4 {[%clk 0:32:09]} Bxc1
{[%clk 0:45:10]} 25. Rxc1 {[%clk 0:31:03]} Nxe4 {[%clk 0:45:19]} 26. Bxe4
{[%clk 0:31:24]} Bxe4 {[%clk 0:44:07]} 27. Qxe4 {[%clk 0:31:47]} exd4
{[%clk 0:44:29]} 28. Bxd4 {[%clk 0:29:48]} Qf4 {[%clk 0:44:22]} 29. Qxf4
{[%clk 0:30:14]} gxf4 {[%clk 0:44:31]} 30. Bb6 {[%clk 0:30:14]} Nc6
{[%clk 0:44:31]} 31. Bxd8 {[%clk 0:30:00]} Rxd8 {[%clk 0:44:50]} 32. f6
{[%clk 0:29:29]} g5 {[%clk 0:44:39]} 33. Re1 {[%clk 0:29:26]} Kh7
{[%clk 0:45:02]} 34. Kf2 {[%clk 0:29:04]} Kg6 {[%clk 0:45:22]} 35. Re2
{[%clk 0:11:47]} Kxf6 {[%clk 0:45:47]} 36. a4 {[%clk 0:11:37]} Ne5
{[%clk 0:45:46]} 37. axb5 {[%clk 0:11:47]} axb5 {[%clk 0:46:10]} 38. Ra2
{[%clk 0:12:02]} Rd3 {[%clk 0:46:35]} 39. Ra6+ {[%clk 0:12:00]} Kf5
{[%clk 0:46:44]} 40. Rb6 {[%clk 0:42:11]} Rxc3 {[%clk 1:17:04]} 0-1

[Event "WCO 2016"]
[Site "?"]
[Date "2016.09.11"]
[Round "9"]
[Board "7"]
[WhiteID "10001670"]
[White "Hassuji Nurdin"]
[BlackID "14306352"]
[Black "Lima Osvaldo Dos Santos"]
[Result "0-1"]
[BlackElo "1782"]
[WhiteElo "1732"]
[LiveChessVersion "1.4.8"]

1. e4 {[%clk 1:30:57]} e6 {[%clk 1:30:42]} 2. d4 {[%clk 1:31:23]} d5
{[%clk 1:31:05]} 3. exd5 {[%clk 1:31:48]} exd5 {[%clk 1:31:30]} 4. Nf3
{[%clk 1:32:05]} Nf6 {[%clk 1:31:36]} 5. Bd3 {[%clk 1:32:32]} Bd6
{[%clk 1:30:39]} 6. O-O {[%clk 1:32:35]} O-O {[%clk 1:31:03]} 7. Bg5
{[%clk 1:31:21]} h6 {[%clk 1:31:08]} 8. Bh4 {[%clk 1:30:19]} g5 {[%clk 1:29:59]}
9. Bg3 {[%clk 1:30:04]} Bg4 {[%clk 1:30:15]} 10. Nbd2 {[%clk 1:28:27]} Nc6
{[%clk 1:29:38]} 11. c3 {[%clk 1:27:08]} Qd7 {[%clk 1:28:27]} 12. Qc2
{[%clk 1:26:24]} Nh5 {[%clk 1:26:28]} 13. Rae1 {[%clk 1:15:28]} Nf4
{[%clk 1:23:18]} 14. Ne5 {[%clk 1:06:12]} Nxe5 {[%clk 1:22:51]} 15. Bh7+
{[%clk 1:02:38]} Kg7 {[%clk 1:19:02]} 16. Bxf4 {[%clk 0:59:26]} gxf4
{[%clk 1:19:14]} 17. dxe5 {[%clk 0:59:06]} Be7 {[%clk 1:15:10]} 18. h3
{[%clk 0:57:20]} Be6 {[%clk 1:15:20]} 19. Nf3 {[%clk 0:54:56]} c5
{[%clk 1:14:54]} 20. Kh2 {[%clk 0:47:30]} Rh8 {[%clk 1:14:38]} 21. Bd3
{[%clk 0:47:25]} Rag8 {[%clk 1:14:20]} 22. Qd2 {[%clk 0:45:21]} Bg5
{[%clk 1:13:03]} 23. h4 {[%clk 0:41:19]} Be7 {[%clk 1:11:38]} 24. Qxf4
{[%clk 0:38:08]} Kf8 {[%clk 1:11:51]} 25. Qe3 {[%clk 0:31:23]} b6
{[%clk 1:09:10]} 26. Rg1 {[%clk 0:28:29]} Qd8 {[%clk 1:07:54]} 27. g3
{[%clk 0:25:40]} Bc8 {[%clk 1:05:34]} 28. e6 {[%clk 0:23:31]} Bxe6
{[%clk 1:04:10]} 29. Ne5 {[%clk 0:23:10]} Bxh4 {[%clk 1:02:31]} 30. Qf3
{[%clk 0:17:21]} Qf6 {[%clk 0:57:52]} 31. Qxf6 {[%clk 0:15:55]} Bxf6
{[%clk 0:58:06]} 32. Nc6 {[%clk 0:15:53]} a5 {[%clk 0:56:45]} 33. f4
{[%clk 0:14:00]} Bg4 {[%clk 0:55:21]} 34. Ne5 {[%clk 0:13:08]} Bc8
{[%clk 0:52:13]} 35. Bb5 {[%clk 0:11:45]} Kg7 {[%clk 0:48:37]} 36. Nd7
{[%clk 0:09:55]} Bxd7 {[%clk 0:48:35]} 37. Bxd7 {[%clk 0:10:19]} Rd8
{[%clk 0:48:48]} 38. Bf5 {[%clk 0:09:36]} d4 {[%clk 0:48:21]} 39. cxd4
{[%clk 0:09:38]} Rxd4 {[%clk 0:47:35]} 40. Rg2 {[%clk 0:37:38]} Rhd8
{[%clk 1:17:17]} 41. Ree2 {[%clk 0:37:41]} c4 {[%clk 1:14:23]} 42. Bc2
{[%clk 0:34:34]} b5 {[%clk 1:13:21]} 43. Kh3 {[%clk 0:29:47]} b4 {[%clk 1:13:13]}
44. Kg4 {[%clk 0:28:54]} R4d6 {[%clk 1:09:47]} 45. Ba4 {[%clk 0:27:28]} c3
{[%clk 1:08:23]} 46. bxc3 {[%clk 0:27:05]} bxc3 {[%clk 1:07:01]} 47. Bc2
{[%clk 0:23:19]} Rd4 {[%clk 1:06:40]} 48. Bf5 {[%clk 0:17:22]} Rb4
{[%clk 1:05:54]} 49. Rc2 {[%clk 0:16:37]} a4 {[%clk 1:05:18]} 50. Rge2
{[%clk 0:15:33]} a3 {[%clk 1:04:34]} 51. Kf3 {[%clk 0:12:16]} Rb2
{[%clk 1:04:21]} 52. Rf2 {[%clk 0:08:48]} Rd1 {[%clk 1:04:27]} 53. Be4
{[%clk 0:07:50]} Kf8 {[%clk 1:02:40]} 54. Kg4 {[%clk 0:06:24]} Ke7
{[%clk 1:00:40]} 55. Kf3 {[%clk 0:06:04]} Kd6 {[%clk 1:00:10]} 56. Ke2
{[%clk 0:02:30]} Ra1 {[%clk 0:59:47]} 57. Kd3 {[%clk 0:01:06]} Kc5
{[%clk 0:58:52]} 0-1

[Event "WCO 2016"]
[Site "?"]
[Date "2016.09.11"]
[Round "9"]
[Board "8"]
[WhiteID "1951165"]
[White "Semedo Adelino"]
[BlackID "10001875"]
[Black "Mwaisumbe Emmanuel"]
[Result "1/2-1/2"]
[BlackElo "1662"]
[WhiteElo "1671"]
[LiveChessVersion "1.4.8"]

1. d4 {[%clk 1:30:39]} Nf6 {[%clk 1:29:55]} 2. c4 {[%clk 1:31:06]} e6 3. g3
{[%clk 1:28:56]} Bb4+ {[%clk 1:26:08]} 4. Bd2 {[%clk 1:27:42]} Qe7
{[%clk 1:26:36]} 5. Bg2 {[%clk 1:27:03]} O-O {[%clk 1:24:08]} 6. a3
{[%clk 1:25:05]} Bxd2+ {[%clk 1:24:22]} 7. Qxd2 {[%clk 1:23:01]} d5
{[%clk 1:22:26]} 8. Nc3 {[%clk 1:21:52]} dxc4 {[%clk 1:22:26]} 9. Nf3
{[%clk 1:21:20]} Rd8 {[%clk 1:21:41]} 10. Qg5 {[%clk 1:16:44]} h6
{[%clk 1:15:35]} 11. Qb5 {[%clk 1:16:16]} a6 12. Qxc4 b5 {[%clk 1:13:07]} 13. Qb3
{[%clk 1:09:14]} Bb7 {[%clk 1:13:32]} 14. O-O {[%clk 1:07:58]} Nbd7
{[%clk 1:13:07]} 15. Rac1 {[%clk 1:03:27]} c5 {[%clk 1:08:21]} 16. dxc5
{[%clk 1:03:14]} Nxc5 {[%clk 1:08:48]} 17. Qb4 {[%clk 1:03:12]} Rac8
{[%clk 1:06:23]} 18. Rc2 {[%clk 1:00:12]} Qe8 {[%clk 1:01:05]} 19. Rfc1
{[%clk 0:55:38]} Ncd7 {[%clk 0:56:41]} 20. a4 {[%clk 0:51:59]} Rc4
{[%clk 0:52:07]} 21. Qa5 {[%clk 0:48:20]} Nc5 {[%clk 0:49:11]} 22. Nd2
{[%clk 0:35:33]} Bxg2 {[%clk 0:18:54]} 23. Kxg2 {[%clk 0:29:17]} Rcd4
{[%clk 0:16:46]} 24. b4 {[%clk 0:22:22]} Nxa4 {[%clk 0:13:28]} 25. Nb3
{[%clk 0:19:17]} R4d6 {[%clk 0:11:44]} 26. Nxa4 {[%clk 0:17:54]} bxa4
{[%clk 0:12:11]} 27. Nc5 {[%clk 0:17:53]} Qc6+ {[%clk 0:10:51]} 28. f3
{[%clk 0:17:54]} Ng4 {[%clk 0:09:35]} 29. Kh3 {[%clk 0:06:51]} Ne3
{[%clk 0:08:27]} 30. Rc3 {[%clk 0:07:06]} Nd5 {[%clk 0:07:03]} 31. R3c2
{[%clk 0:06:55]} Qb5 {[%clk 0:05:30]} 32. Qxb5 {[%clk 0:06:51]} axb5
{[%clk 0:05:57]} 33. Nb7 {[%clk 0:07:17]} Nxb4 {[%clk 0:05:34]} 34. Rb2
{[%clk 0:07:19]} Rc6 {[%clk 0:02:58]} 35. Rxc6 {[%clk 0:06:40]} Nxc6
{[%clk 0:03:25]} 36. Nxd8 {[%clk 0:06:58]} Nxd8 {[%clk 0:03:20]} 37. Rxb5
{[%clk 0:07:26]} Nc6 {[%clk 0:03:25]} 38. Rb6 {[%clk 0:07:05]} Nd4
{[%clk 0:03:30]} 39. Rb2 {[%clk 0:07:25]} Kf8 {[%clk 0:03:14]} 40. Kg2
{[%clk 0:37:36]} Ke7 {[%clk 0:32:55]} 41. Kf2 {[%clk 0:37:30]} Kd6
{[%clk 0:32:38]} 42. Rb4 {[%clk 0:37:16]} Nc6 {[%clk 0:29:32]} 43. Rxa4
{[%clk 0:37:34]} g6 {[%clk 0:29:16]} 44. g4 {[%clk 0:34:54]} Ke5 {[%clk 0:28:52]}
45. Ke3 {[%clk 0:33:32]} g5 {[%clk 0:28:23]} 46. Rc4 {[%clk 0:31:16]} Ne7
{[%clk 0:23:56]} 47. Rc1 {[%clk 0:30:23]} Nd5+ {[%clk 0:24:02]} 48. Kf2
{[%clk 0:30:35]} Nf4 {[%clk 0:23:55]} 49. h4 {[%clk 0:29:24]} gxh4
{[%clk 0:23:11]} 50. Rh1 {[%clk 0:27:34]} Ng6 {[%clk 0:21:08]} 51. Ra1
{[%clk 0:26:45]} f5 {[%clk 0:20:14]} 52. gxf5 {[%clk 0:23:24]} Kxf5
{[%clk 0:20:07]} 53. Ra5+ {[%clk 0:22:46]} e5 {[%clk 0:19:30]} 54. Rb5
{[%clk 0:19:41]} h5 {[%clk 0:19:04]} 55. Rb6 {[%clk 0:18:52]} Nf4
{[%clk 0:17:57]} 56. e3 {[%clk 0:18:31]} Nh3+ {[%clk 0:16:13]} 57. Kg2
{[%clk 0:18:40]} Ng5 {[%clk 0:16:08]} 58. e4+ {[%clk 0:18:03]} Kf4
{[%clk 0:16:28]} 59. Rf6+ {[%clk 0:18:12]} Ke3 {[%clk 0:15:59]} 60. Rf5
{[%clk 0:17:38]} h3+ {[%clk 0:16:13]} 61. Kh2 {[%clk 0:10:29]} Nxf3+
{[%clk 0:15:43]} 62. Kxh3 {[%clk 0:09:56]} Kxe4 {[%clk 0:13:41]} 63. Rxh5
{[%clk 0:09:59]} Kf4 {[%clk 0:13:05]} 64. Rxe5 {[%clk 0:10:19]} 1/2-1/2

[Event "WCO 2016"]
[Site "?"]
[Date "2016.09.11"]
[Round "9"]
[Board "9"]
[WhiteID "15900428"]
[White "Seijp V/d Quintin"]
[BlackID "20700040"]
[Black "Mavuso Lunga"]
[Result "0-1"]
[BlackElo "1516"]
[WhiteElo "1924"]
[LiveChessVersion "1.4.8"]

1. e4 {[%clk 1:30:55]} Nc6 {[%clk 1:30:52]} 2. d4 {[%clk 1:30:53]} e5
{[%clk 1:31:12]} 3. d5 {[%clk 1:31:03]} Nce7 {[%clk 1:31:37]} 4. Nf3
{[%clk 1:31:27]} Ng6 {[%clk 1:31:58]} 5. h4 {[%clk 1:30:57]} h5 {[%clk 1:29:37]}
6. Bg5 {[%clk 1:30:55]} Nf6 {[%clk 1:24:03]} 7. Bd3 {[%clk 1:30:24]} Bc5
{[%clk 1:24:24]} 8. Nc3 {[%clk 1:25:19]} d6 {[%clk 1:16:23]} 9. Qd2
{[%clk 1:18:42]} Bg4 {[%clk 1:08:04]} 10. Bb5+ {[%clk 1:08:10]} Bd7
{[%clk 1:07:59]} 11. Bxd7+ {[%clk 1:06:06]} Qxd7 {[%clk 1:08:22]} 12. Bxf6
{[%clk 1:05:26]} gxf6 {[%clk 1:08:47]} 13. O-O-O {[%clk 1:04:18]} f5
{[%clk 1:05:21]} 14. exf5 {[%clk 0:46:18]} Qxf5 {[%clk 1:04:50]} 15. Na4
{[%clk 0:46:21]} Bb6 {[%clk 1:04:59]} 16. Nxb6 {[%clk 0:46:07]} axb6
{[%clk 1:05:22]} 17. Kb1 {[%clk 0:46:32]} f6 {[%clk 0:48:36]} 18. Qd3
{[%clk 0:30:20]} Qxd3 {[%clk 0:36:16]} 19. cxd3 {[%clk 0:29:21]} Nf4
{[%clk 0:35:25]} 20. d4 {[%clk 0:28:34]} e4 {[%clk 0:28:09]} 21. Nd2
{[%clk 0:19:53]} f5 {[%clk 0:26:32]} 22. f3 {[%clk 0:18:51]} Nd3 {[%clk 0:25:47]}
23. Rhf1 {[%clk 0:16:38]} e3 {[%clk 0:25:09]} 24. Nc4 {[%clk 0:11:04]} e2
{[%clk 0:23:37]} 25. Rfe1 {[%clk 0:11:33]} Nxe1 {[%clk 0:23:22]} 26. Rxe1
{[%clk 0:12:02]} Kd7 {[%clk 0:23:21]} 27. Rxe2 {[%clk 0:12:31]} Rhe8
{[%clk 0:23:16]} 28. Rf2 {[%clk 0:11:09]} Re1+ {[%clk 0:23:23]} 29. Kc2
{[%clk 0:11:37]} Rxa2 {[%clk 0:22:50]} 30. g4 {[%clk 0:10:18]} fxg4
{[%clk 0:21:47]} 31. fxg4 {[%clk 0:10:47]} hxg4 {[%clk 0:21:45]} 32. Rf7+
{[%clk 0:11:13]} Re7 {[%clk 0:21:34]} 33. Rf4 {[%clk 0:11:41]} g3
{[%clk 0:15:51]} 34. Rg4 {[%clk 0:11:36]} Rh7 {[%clk 0:15:16]} 35. Rxg3
{[%clk 0:11:28]} Ra8 {[%clk 0:13:54]} 36. Ne3 {[%clk 0:10:36]} Rf8
{[%clk 0:10:27]} 37. Rg4 {[%clk 0:07:39]} Rf3 {[%clk 0:07:16]} 38. Kd3
{[%clk 0:03:16]} Re7 {[%clk 0:07:12]} 39. Re4 {[%clk 0:03:46]} Rh3
{[%clk 0:04:46]} 40. Rxe7+ {[%clk 0:33:33]} Kxe7 {[%clk 0:35:09]} 41. Ke2
{[%clk 0:33:57]} Kf6 {[%clk 0:29:37]} 42. Nd1 {[%clk 0:27:22]} Kf5
{[%clk 0:27:07]} 43. Nc3 {[%clk 0:27:11]} Rh2+ {[%clk 0:24:51]} 0-1

[Event "WCO 2016"]
[Site "?"]
[Date "2016.09.11"]
[Round "9"]
[Board "10"]
[WhiteID "20700210"]
[White "Simelane Wandile"]
[BlackID "15900037"]
[Black "Pesqueira Jose"]
[Result "1/2-1/2"]
[BlackElo "1889"]
[WhiteElo "1615"]
[LiveChessVersion "1.4.8"]

1. e4 {[%clk 1:30:32]} e5 {[%clk 1:30:55]} 2. Nf3 {[%clk 1:30:56]} Nc6
{[%clk 1:31:19]} 3. Bb5 {[%clk 1:31:21]} Nf6 {[%clk 1:31:39]} 4. d3
{[%clk 1:31:46]} Bc5 {[%clk 1:30:32]} 5. Nc3 {[%clk 1:31:20]} a6 {[%clk 1:29:12]}
6. Ba4 {[%clk 1:31:40]} d6 {[%clk 1:24:09]} 7. Bg5 {[%clk 1:29:49]} h6
{[%clk 1:24:18]} 8. Bh4 {[%clk 1:22:21]} g5 {[%clk 1:24:22]} 9. Bg3
{[%clk 1:22:38]} b5 {[%clk 1:21:01]} 10. Bb3 {[%clk 1:22:44]} Na5
{[%clk 1:21:23]} 11. h3 {[%clk 1:22:30]} Nxb3 {[%clk 1:20:53]} 12. axb3
{[%clk 1:21:55]} Bb7 {[%clk 1:16:25]} 13. Qd2 {[%clk 1:15:25]} Qe7
{[%clk 1:08:23]} 14. Na2 {[%clk 1:07:40]} a5 {[%clk 0:52:26]} 15. Qe2
{[%clk 0:57:29]} Bc6 {[%clk 0:50:02]} 16. Nc3 {[%clk 0:46:21]} Kf8
{[%clk 0:34:29]} 17. Nd1 {[%clk 0:39:03]} Kg7 {[%clk 0:31:35]} 18. Ne3
{[%clk 0:35:29]} Bd7 {[%clk 0:31:05]} 19. O-O {[%clk 0:26:02]} Bb6
{[%clk 0:28:34]} 20. Nh2 {[%clk 0:20:17]} Be6 {[%clk 0:15:06]} 21. Nhg4
{[%clk 0:19:39]} h5 {[%clk 0:14:38]} 22. Nxf6 {[%clk 0:19:19]} Qxf6
{[%clk 0:15:05]} 23. b4 {[%clk 0:15:44]} Kg6 {[%clk 0:08:47]} 24. bxa5
{[%clk 0:14:59]} Bxa5 {[%clk 0:08:28]} 25. b4 {[%clk 0:14:33]} Bxb4
{[%clk 0:07:31]} 26. Rfb1 {[%clk 0:11:26]} c5 {[%clk 0:04:58]} 27. Nd1
{[%clk 0:09:42]} h4 {[%clk 0:01:52]} 28. Bh2 {[%clk 0:09:43]} Ba5
{[%clk 0:01:25]} 29. Rxb5 {[%clk 0:09:52]} Bc7 {[%clk 0:01:47]} 30. Rab1
{[%clk 0:09:45]} Rhb8 {[%clk 0:02:06]} 31. Rxb8 {[%clk 0:09:00]} Rxb8
{[%clk 0:02:34]} 32. Ra1 {[%clk 0:08:16]} 1/2-1/2

[Event "WCO 2016"]
[Site "?"]
[Date "2016.09.11"]
[Round "9"]
[Board "11"]
[WhiteID "15900495"]
[White "Benschop Jomar"]
[BlackID "20700059"]
[Black "Mziyako Sobhi"]
[Result "1-0"]
[BlackElo "1447"]
[WhiteElo "1670"]
[LiveChessVersion "1.4.8"]

1. e4 {[%clk 1:30:54]} c5 {[%clk 1:30:50]} 2. Nf3 {[%clk 1:31:15]} e6
{[%clk 1:31:07]} 3. d4 {[%clk 1:31:34]} cxd4 4. Nxd4 Nc6 {[%clk 1:31:07]} 5. Nc3
{[%clk 1:31:47]} Nf6 {[%clk 1:31:26]} 6. a3 {[%clk 1:31:52]} Be7 {[%clk 1:31:32]}
7. Be2 {[%clk 1:31:55]} a6 {[%clk 1:31:44]} 8. Be3 {[%clk 1:31:44]} O-O
{[%clk 1:31:37]} 9. Qd2 {[%clk 1:29:31]} Qc7 {[%clk 1:31:23]} 10. O-O-O
{[%clk 1:28:48]} Rd8 {[%clk 1:30:04]} 11. f3 {[%clk 1:25:47]} Qa5
{[%clk 1:28:41]} 12. Nb3 {[%clk 1:24:46]} Qc7 {[%clk 1:28:49]} 13. Qe1 Ne5
{[%clk 1:27:57]} 14. g4 {[%clk 1:20:13]} Ne8 {[%clk 1:25:55]} 15. f4
{[%clk 1:15:50]} Nc4 {[%clk 1:18:23]} 16. Bxc4 {[%clk 1:16:16]} Qxc4
{[%clk 1:18:41]} 17. Rd4 {[%clk 1:16:31]} Qc7 {[%clk 1:18:10]} 18. g5
{[%clk 1:16:39]} b5 {[%clk 1:16:01]} 19. h4 {[%clk 1:15:56]} Bb7 {[%clk 1:14:50]}
20. Rg1 {[%clk 1:15:15]} g6 {[%clk 1:13:47]} 21. h5 {[%clk 1:14:01]} Nd6
{[%clk 1:12:10]} 22. hxg6 {[%clk 1:13:25]} fxg6 {[%clk 1:11:51]} 23. f5
{[%clk 1:05:36]} exf5 {[%clk 1:10:02]} 24. Bf4 {[%clk 1:05:33]} Qb6
{[%clk 1:07:59]} 25. Bxd6 {[%clk 0:29:09]} Bxd6 {[%clk 1:04:35]} 26. exf5
{[%clk 0:27:13]} Re8 {[%clk 0:55:52]} 27. Qh4 {[%clk 0:27:17]} Re7
{[%clk 0:52:35]} 28. Rgd1 {[%clk 0:26:00]} Be5 {[%clk 0:40:23]} 29. Rxd7
{[%clk 0:25:03]} Qe3+ {[%clk 0:40:21]} 30. Kb1 {[%clk 0:24:45]} Bxc3
{[%clk 0:39:57]} 31. bxc3 {[%clk 0:23:48]} gxf5 {[%clk 0:39:28]} 32. g6
{[%clk 0:23:38]} Rae8 {[%clk 0:35:47]} 33. gxh7+ {[%clk 0:22:16]} Kg7
{[%clk 0:27:24]} 34. h8=Q+ {[%clk 0:22:21]} Rxh8 {[%clk 0:27:42]} 35. Rxe7+
{[%clk 0:22:41]} Kg8 {[%clk 0:27:15]} 36. Rd8# {[%clk 0:22:44]} 1-0

[Event "WCO 2016"]
[Site "?"]
[Date "2016.09.11"]
[Round "9"]
[Board "12"]
[WhiteID "20700393"]
[White "Matsebula Qiniso"]
[BlackID "15900347"]
[Black "Jacopucci Enrique"]
[Result "0-1"]
[BlackElo "1676"]
[WhiteElo "1301"]
[LiveChessVersion "1.4.8"]

1. e4 {[%clk 1:30:53]} c5 {[%clk 1:30:40]} 2. Bc4 {[%clk 1:30:46]} Nc6
{[%clk 1:30:44]} 3. d4 {[%clk 1:30:02]} cxd4 {[%clk 1:30:43]} 4. Nf3
{[%clk 1:29:52]} d6 {[%clk 1:25:30]} 5. O-O {[%clk 1:26:56]} Bg4 {[%clk 1:24:28]}
6. Bxf7+ {[%clk 1:23:16]} Kd7 {[%clk 1:22:53]} 7. Nbd2 {[%clk 1:16:11]} e6
{[%clk 1:16:51]} 8. h3 {[%clk 1:14:33]} Nh6 {[%clk 1:14:28]} 9. Bxe6+
{[%clk 1:13:10]} Bxe6 {[%clk 1:14:04]} 10. c3 {[%clk 1:10:32]} Qf6
{[%clk 1:10:23]} 11. cxd4 {[%clk 1:09:04]} Nxd4 {[%clk 1:07:14]} 12. Re1
{[%clk 1:06:44]} Nf7 {[%clk 1:04:30]} 13. Qa4+ {[%clk 1:05:47]} Nc6
{[%clk 1:04:19]} 14. Nc4 {[%clk 0:59:31]} Be7 {[%clk 0:58:40]} 15. Bd2
{[%clk 0:54:23]} h6 {[%clk 0:53:09]} 16. Rad1 {[%clk 0:52:42]} Bxh3
{[%clk 0:47:21]} 17. gxh3 {[%clk 0:50:40]} Qxf3 {[%clk 0:47:13]} 18. Re3
{[%clk 0:42:17]} Qf6 {[%clk 0:46:53]} 19. e5 {[%clk 0:41:01]} Qg6+
{[%clk 0:42:12]} 20. Rg3 {[%clk 0:39:23]} Qh7 {[%clk 0:40:22]} 21. exd6
{[%clk 0:37:26]} Bf6 {[%clk 0:37:47]} 22. Bf4 {[%clk 0:30:38]} g5
{[%clk 0:36:16]} 23. Be3 {[%clk 0:26:18]} Bd8 {[%clk 0:29:41]} 24. b4
{[%clk 0:21:55]} b5 {[%clk 0:21:17]} 25. Qxb5 {[%clk 0:17:20]} Rb8
{[%clk 0:21:19]} 26. Qa6 {[%clk 0:12:23]} Rxb4 {[%clk 0:18:15]} 27. Bxa7
{[%clk 0:12:05]} Qc2 {[%clk 0:16:12]} 28. Nb6+ {[%clk 0:08:49]} Rxb6
{[%clk 0:13:37]} 29. Bxb6 {[%clk 0:08:42]} Qxd1+ {[%clk 0:13:25]} 30. Kg2
{[%clk 0:09:00]} Qd5+ {[%clk 0:10:46]} 31. Kh2 {[%clk 0:08:31]} Bxb6
{[%clk 0:08:49]} 32. Rd3 {[%clk 0:08:35]} Qe5+ {[%clk 0:08:41]} 33. Kg2
{[%clk 0:08:27]} Rb8 {[%clk 0:08:20]} 34. Rb3 {[%clk 0:07:32]} Qd5+
{[%clk 0:07:28]} 35. Rf3 {[%clk 0:07:45]} Nfe5 {[%clk 0:07:17]} 0-1

[Event "WCO 2016"]
[Site "?"]
[Date "2016.09.11"]
[Round "9"]
[Board "9"]
[WhiteID "8800871"]
[White "Gontcharov Serguei"]
[BlackID "31000509"]
[Black "Mafnas Peter"]
[Result "0-1"]
[BlackElo "2095"]
[WhiteElo "1793"]
[LiveChessVersion "1.4.8"]

1. e4 {[%clk 1:30:56]} c6 {[%clk 1:30:41]} 2. d4 {[%clk 1:31:18]} d5
{[%clk 1:31:09]} 3. e5 {[%clk 1:31:39]} Bf5 {[%clk 1:31:20]} 4. Nc3
{[%clk 1:32:01]} e6 {[%clk 1:31:41]} 5. g4 {[%clk 1:32:24]} Bg6 {[%clk 1:31:59]}
6. Nge2 {[%clk 1:32:48]} c5 {[%clk 1:31:31]} 7. h4 {[%clk 1:33:13]} h6
{[%clk 1:31:35]} 8. Be3 {[%clk 1:33:17]} cxd4 {[%clk 1:28:12]} 9. Nxd4
{[%clk 1:31:50]} Nc6 {[%clk 1:27:38]} 10. Bb5 {[%clk 1:27:30]} Rc8
{[%clk 1:27:17]} 11. f4 {[%clk 1:27:37]} Nge7 {[%clk 1:25:24]} 12. f5
{[%clk 1:24:43]} exf5 {[%clk 1:25:43]} 13. gxf5 {[%clk 1:24:48]} Nxf5
{[%clk 1:25:51]} 14. Nxf5 {[%clk 1:21:03]} Bxf5 {[%clk 1:26:07]} 15. Qd2
{[%clk 0:55:53]} Bb4 {[%clk 1:25:24]} 16. O-O-O {[%clk 0:51:22]} O-O
{[%clk 1:25:20]} 17. Bxh6 {[%clk 0:49:58]} Bxc3 {[%clk 1:18:36]} 18. bxc3
{[%clk 0:48:57]} Nxe5 {[%clk 1:14:16]} 19. Bxg7 {[%clk 0:46:44]} Kxg7
{[%clk 1:14:11]} 20. Rhg1+ {[%clk 0:37:16]} Ng6 {[%clk 1:12:07]} 21. h5
{[%clk 0:35:51]} Qa5 {[%clk 1:06:22]} 22. hxg6 {[%clk 0:20:36]} fxg6
{[%clk 1:06:13]} 23. Rh1 {[%clk 0:13:22]} Qxc3 {[%clk 1:03:25]} 24. Qxc3+
{[%clk 0:04:48]} Rxc3 {[%clk 1:03:43]} 25. Bd3 {[%clk 0:04:22]} Bxd3
{[%clk 1:03:42]} 26. Rxd3 {[%clk 0:04:45]} Rxd3 {[%clk 1:04:00]} 27. cxd3
{[%clk 0:05:09]} Rf2 {[%clk 1:04:23]} 28. Re1 {[%clk 0:03:07]} Kf7
{[%clk 1:04:33]} 29. Re5 {[%clk 0:02:46]} Rf5 {[%clk 1:04:46]} 30. Re2
{[%clk 0:02:59]} g5 {[%clk 1:04:18]} 31. Rc2 {[%clk 0:03:08]} Re5
{[%clk 1:04:19]} 32. Rc7+ {[%clk 0:03:02]} Re7 {[%clk 1:04:48]} 33. Rc5 0-1